000 00956cam a22003018a 4500
003 data
005 20260322212042.0
008 data
010 _a 97035233 /AC
020 _a1560657049
020 _a9781560657040
040 _aDLC
_cDLC
_dDPL
049 _aDPLA
_nsb
050 0 0 _aRA645.35
_b.S54 1998
082 0 0 _a610.69/53
_221
099 _a610..69 Sim 1998
100 1 _aSimon, Charnan.
245 1 0 _aHome health aide /
_cCharnan Simon.
260 _aMankato, MN :
_bCapstone High/Low Books,
_c1998.
300 _a48 p. :
_bill. ;
_c22 cm.
490 1 _aCareers without college
504 _aIncludes bibliographical references and index.
520 _aOutlines the educational requirements, duties, salary, employment outlook, and possible future positions of home health aides.
650 0 _aHome health aides
_xVocational guidance.
650 1 _aVocational guidance.
830 0 _aCareers without college (Mankato, Minn.)
001 data
999 _c994
_d994